| Tag |
First Indicator |
Second Indicator |
Subfields |
| LEADER |
00000cam a2200000 a 4500 |
| 001 |
in00001228421 |
| 005 |
20151003051408.0 |
| 008 |
940325s1995 ilua b 001 0 eng |
| 010 |
|
|
|a 94010544
|
| 020 |
|
|
|a 0786302984
|
| 035 |
|
|
|a (OCoLC)30158846
|
| 035 |
|
|
|9 AGR1880AM
|
| 040 |
|
|
|a DLC
|c DLC
|d OCL
|d UtOrBLW
|
| 049 |
|
|
|a TXAM
|
| 050 |
0 |
0 |
|a HD58.8
|b .C74 1995
|
| 082 |
0 |
0 |
|a 658.4/063
|2 20
|
| 100 |
1 |
|
|a Crego, Edwin T.
|
| 245 |
1 |
0 |
|a Customer-centered reengineering :
|b remapping for total customer value /
|c Edwin T. Crego, Jr., Peter D. Schiffrin ; foreword, Karl Albrecht.
|
| 264 |
|
1 |
|a Burr Ridge, Ill. :
|b Irwin Professional Pub.,
|c [1995]
|
| 264 |
|
4 |
|c ©1995
|
| 300 |
|
|
|a xviii, 220 pages :
|b illustrations ;
|c 24 cm.
|
| 336 |
|
|
|a text
|b txt
|2 rdacontent
|
| 337 |
|
|
|a unmediated
|b n
|2 rdamedia
|
| 338 |
|
|
|a volume
|b nc
|2 rdacarrier
|
| 504 |
|
|
|a Includes bibliographical references (pages 209-213) and index.
|
| 650 |
|
0 |
|a Organizational change.
|
| 650 |
|
0 |
|a Corporate reorganizations.
|
| 650 |
|
0 |
|a Consumer satisfaction.
|
| 700 |
1 |
|
|a Schiffrin, Peter D.
|
| 999 |
|
|
|a MARS
|
| 999 |
f |
f |
|s edf17af4-d301-3854-9045-8ddbde295839
|i 0d5e91a1-a4c8-3625-bec2-433ad9881bab
|t 0
|
| 952 |
f |
f |
|p ric
|a Texas A&M University
|b Rellis Campus
|c Joint Library Facility
|d Remote Storage
|t 0
|e HD58.8 .C74 1995
|h Library of Congress classification
|i unmediated -- volume
|m A14818912577
|
| 998 |
f |
f |
|a HD58.8 .C74 1995
|t 0
|l Remote Storage
|